Colette : free and fettered /

Bibliographic Details
Main Author: Sarde, Michèle
Format: Book
Language:English
French
Published: New York : Morrow, 1980.
Edition:1st ed.
Subjects:

MARC

Tag First Indicator Second Indicator Subfields
LEADER 00000pam a2200000 i 4500
001 in00000029670
005 20151007062902.0
008 791113s1980 nyua b 00110beng
010 |a  79024978  
020 |a 0688036015 
035 |a (OCoLC)05750968 
035 |9 AAD6024AM 
040 |a DLC  |c DLC  |d TXA  |d UtOrBLW 
041 1 |a eng  |a fre 
049 |a TXAM  |c [1192132] 
050 0 0 |a PQ2605.O28  |b Z8313 
082 0 |a 848/.9/1209  |a B 
100 1 |a Sarde, Michèle. 
240 1 0 |a Colette, libre et entravée.  |l English 
245 1 0 |a Colette :  |b free and fettered /  |c by Michele Sarde ; translated from the French by Richard Miller. 
250 |a 1st ed. 
264 1 |a New York :  |b Morrow,  |c 1980. 
300 |a 479 pages :  |b illustrations ;  |c 24 cm. 
336 |a text  |b txt  |2 rdacontent 
337 |a unmediated  |b n  |2 rdamedia 
338 |a volume  |b nc  |2 rdacarrier 
500 |a Translation of Colette, libre et entravee. 
500 |a Includes index. 
504 |a Bibliography: pages 467-471. 
600 0 0 |a Colette,  |d 1873-1954. 
650 0 |a Authors, French  |y 20th century  |v Biography. 
999 |a MARS 
999 f f |s d9995198-917f-3cae-ba78-4063bd20a111  |i 83892da2-6c4b-32ca-b0aa-dec7abff8a6b  |t 0 
952 f f |p ric  |a Texas A&M University  |b Rellis Campus  |c Joint Library Facility  |d Remote Storage  |t 0  |e PQ2605.O28 Z8313  |h Library of Congress classification  |i unmediated -- volume  |m A14803779126 
998 f f |a PQ2605.O28 Z8313  |t 0  |l Remote Storage